000 00458nam a22001457a 4500
082 _a621.39
100 _aRiaz, Amina
245 _aMotion Classification based on Motion Vector Statistics by
_cAmina Riaz
260 _aIslamabad :
_bCEME - NUST,
_c2014.
300 _a63 p. ;
_c30cm.
650 _aComputer Engineering-MS-Thesis
_916083
700 _aDr. Shoab Ahmad Khan
_916279
942 _2ddc
_cTHE
999 _c536990
_d536990